Sports Quiz

Random Sports or NFL Quiz
Score 0/20 Timer 05:00
0 Plays Today
% Correct
28
83.1%
20
76.6%
24
71%
22
67.7%
23
64.5%
31
63.7%
32
61.3%
25
60.5%
27
57.3%
21
56.5%
% Correct
34
53.2%
39
53.2%
29
46%
33
44.4%
26
37.1%
30
36.3%
35
36.3%
38
33.1%
37
29.8%
36
24.2%

You're not logged in!

Compare scores with friends on all Sporcle quizzes.
OR
Log In

Sporcle TV

Today on Sporcle TV


Watch our educational content, quiz creation guides, and fun videos on Sporcle TV.

Show Comments

Extras

Created Dec 12, 2012ReportNominate
Tags:Clickable Quiz, NFL Quiz, Player, wear

Top Quizzes Today


Score Distribution

Paid Content

Your Account Isn't Verified!

In order to create a playlist on Sporcle, you need to verify the email address you used during registration. Go to your Sporcle Settings to finish the process.

Report this User

Report this user for behavior that violates our Community Guidelines.

Details: